Top 200 Biggest Cities in Landlocked Countries on a Map - Statistics

General Stats
  • This quiz has been taken 490 times
  • The average score is 66 of 200
Answers on the Map
Answers color-coded by a green-red scale on the quiz's map according to % correct below.
 
Answer Stats
Country City Population % Correct
Belarus Minsk 2,009,786
96%
Czech Republic Prague 1,335,084
96%
Austria Vienna 1,291,153
96%
Switzerland Bern 134,727
94%
Hungary Budapest 1,752,286
94%
Afghanistan Kabul 4,434,600
94%
Mongolia Ulaanbaatar 1,426,645
94%
Ethiopia Addis Ababa 3,273,000
93%
Azerbaijan Baku 1,229,100
93%
Bolivia La Paz 758,845
93%
Switzerland Zurich 421,712
93%
Nepal Kathmandu 1,003,285
92%
Luxembourg Luxembourg City 124,509
92%
Serbia Belgrade 1,166,763
91%
Switzerland Geneva 203,736
91%
Kazakhstan Nur-Sultan 1,184,469
91%
Moldova Chisinau 532,513
90%
Paraguay Asunción 521,600
89%
Slovakia Bratislava 440,948
89%
North Macedonia Skopje 509,900
89%
Armenia Yerevan 1,091,700
89%
Uzbekistan Tashkent 2,571,668
88%
Kosovo Pristina 145,149
85%
Bolivia Sucre 238,798
84%
Laos Vientiane 620,157
84%
Kazakhstan Almaty 1,977,011
83%
Mali Bamako 1,810,366
83%
Kyrgyzstan Bishkek 1,059,137
83%
Niger Niamey 978,029
83%
Austria Salzburg 155,424
83%
Turkmenistan Ashgabat 604,700
82%
Ethiopia Harar 129,000
82%
Chad N'Djamena 951,418
82%
Uganda Kampala 1,680,600
81%
Central African Republic Bangui 622,771
79%
Tajikistan Dushanbe 863,400
79%
Austria Graz 291,130
79%
South Sudan Juba 230,195
79%
Czech Republic Brno 382,405
78%
Zambia Lusaka 1,747,152
78%
Burkina Faso Ouagadougou 2,453,496
78%
Switzerland Basel 173,775
77%
Rwanda Kigali 859,332
76%
Malawi Lilongwe 1,055,700
75%
Botswana Gaborone 231,592
74%
Austria Innsbruck 131,042
74%
Zimbabwe Harare 1,485,231
69%
Switzerland Lausanne 140,049
69%
Lesotho Maseru 330,760
69%
Serbia Novi Sad 231,798
68%
Austria Linz 206,552
67%
Bolivia Santa Cruz 1,442,396
67%
Belarus Brest 340,318
63%
Kyrgyzstan Osh 292,806
63%
Burundi Bujumbura 497,166
61%
Hungary Debrecen 201,432
57%
Slovakia Košice 238,138
55%
Afghanistan Kandahar 523,300
54%
Czech Republic Ostrava 284,982
54%
Moldova Tiraspol 133,807
53%
Belarus Gomel 507,795
52%
Uzbekistan Samarkand 546,303
51%
Afghanistan Herat 574,300
48%
Serbia Niš 183,164
48%
Czech Republic Pilsen 175,219
48%
Bolivia Cochabamba 632,013
42%
Malawi Blantyre 830,100
40%
Zimbabwe Bulawayo 653,337
34%
Hungary Pécs 142,873
34%
Belarus Grodno 357,510
33%
Kazakhstan Shymkent 1,074,167
33%
Belarus Vitebsk 362,949
32%
Hungary Győr 132,038
31%
Hungary Szeged 160,766
30%
Azerbaijan Ganja 328,400
28%
Belarus Mogilev 357,404
27%
Burkina Faso Bobo-Dioulasso 903,887
26%
Afghanistan Mazar-i-Sharif 484,500
26%
Kazakhstan Aktobe 512,452
24%
Afghanistan Jalalabad 271,900
24%
Turkmenistan Türkmenabat 203,000
24%
Uzbekistan Bukhara 280,187
23%
Bolivia El Alto 846,880
23%
Turkmenistan Mary 123,000
23%
Nepal Pokhara 264,991
23%
Hungary Miskolc 154,521
22%
Paraguay Ciudad del Este 304,300
21%
Ethiopia Dire Dawa 277,000
21%
Kazakhstan Karaganda 500,882
21%
Kazakhstan Atyrau 295,496
19%
Ethiopia Gondar 323,900
19%
Serbia Kragujevac 150,835
19%
Belarus Pinsk 125,900
19%
Kazakhstan Aktau 199,644
18%
Zambia Livingstone 134,349
18%
Bolivia Potosí 176,022
18%
Zambia Kitwe 501,360
17%
Niger Zinder 235,605
17%
Belarus Barysaw 139,481
16%
Uzbekistan Fergana 288,850
16%
Uzbekistan Nukus 319,583
16%
Kazakhstan Oral 235,764
16%
Azerbaijan Sumqayit 297,600
16%
Kazakhstan Pavlodar 334,213
15%
Kazakhstan Petropavl 219,803
15%
Ethiopia Mek'ele 323,700
14%
Bolivia Oruro 264,943
14%
South Sudan Wau 118,331
14%
Central African Republic Bimbo 124,176
13%
Uzbekistan Namangan 626,120
13%
Belarus Babruysk 211,389
12%
Tajikistan Khujand 183,600
12%
Kazakhstan Kyzylorda 247,611
12%
Ethiopia Nazret 324,000
12%
Uzbekistan Andijan 441,700
11%
Afghanistan Kunduz 189,300
11%
Nepal Lalitpur 226,728
11%
Zambia Ndola 451,246
11%
Kazakhstan Semey 324,487
11%
Kazakhstan Taraz 362,932
11%
Kazakhstan Turkestan 179,730
11%
Ethiopia Bahir Dar 243,300
10%
Mali Kayes 126,319
10%
Kazakhstan Kostanay 251,801
10%
Malawi Mzuzu 240,000
10%
Mali Sikasso 226,618
10%
Bolivia Tarija 179,561
10%
Belarus Baranovichi 174,183
9%
Nepal Biratnagar 204,949
9%
Ethiopia Hawassa 300,100
9%
Niger Maradi 267,249
9%
Chad Moundou 137,251
9%
Kazakhstan Oskemen 335,328
9%
Uzbekistan Urgench 143,750
9%
Turkmenistan Daşoguz 165,400
8%
Ethiopia Jimma 177,900
8%
Uzbekistan Kokand 252,730
8%
Uzbekistan Navoiy 144,158
8%
Paraguay San Lorenzo 258,900
8%
Nepal Bharatpur 147,777
7%
Ethiopia Dessie 187,900
7%
Burkina Faso Koudougou 160,207
7%
Mali Mopti 120,786
7%
Uzbekistan Qarshi 274,891
7%
Mali Ségou 133,501
7%
Uzbekistan Termez 179,572
7%
Uzbekistan Dzhizak 177,447
6%
Rwanda Gisenyi 136,830
6%
Uganda Gulu 177,400
6%
Zambia Kabwe 202,360
6%
Uganda Kira 462,900
6%
Zimbabwe Mutare 186,208
6%
Ethiopia Arba Minch 142,900
5%
Zambia Chingola 185,246
5%
Zimbabwe Chitungwiza 356,840
5%
Kazakhstan Ekibastuz 132,755
5%
Ethiopia Jijiga 159,300
5%
Burkina Faso Kaya 122,949
5%
Kazakhstan Kokshetau 148,507
5%
Mali Koutiala 141,444
5%
Paraguay Luque 260,200
5%
Uganda Mbarara 221,300
5%
Uganda Nansana 532,800
5%
Burkina Faso Ouahigouya 124,580
5%
Uzbekistan Angren 188,360
4%
Nepal Birgunj 139,068
4%
Paraguay Capiatá 241,000
4%
Nepal Dharan 119,915
4%
Zimbabwe Epworth 167,462
4%
Zimbabwe Gweru 154,825
4%
Uzbekistan Margilan 235,024
4%
Afghanistan Pul-e Khumri 123,700
4%
Kazakhstan Taldykorgan 147,948
4%
Kazakhstan Temirtau 178,517
4%
Uzbekistan Almalik 131,111
3%
Ethiopia Bishoftu 147,100
3%
Uzbekistan Chirchik 157,220
3%
Paraguay Lambaré 182,700
3%
Paraguay Limpio 150,600
3%
Paraguay Ñemby 144,100
3%
Bolivia Quillacollo 117,859
3%
Bolivia Sacaba 150,110
3%
Uzbekistan Shakhrisabz 139,113
3%
Nepal Butwal 120,982
2%
Paraguay Fernando de la Mora 180,200
2%
Uganda Hoima 122,700
2%
Ethiopia Hosaena 133,800
2%
Zambia Luanshya 130,076
2%
Uganda Makindye Ssabagabo 413,400
2%
Uganda Mubende 121,600
2%
Zambia Mufulira 151,309
2%
Uganda Mukono 191,300
2%
Ethiopia Shashamane 147,800
2%
Ethiopia Sodo 145,100
2%
Uganda Kajjansi 135,600
1%
Uganda Kyengera 285,400
1%
Uganda Njeru 178,800
1%
Uganda Kasangati 207,800
0%
Uganda Katabi 154,300
0%
Uganda Lugazi 128,400
0%
No matching quizzes found
Score Distribution
Percent of People with Each Score
Percentile by Number Answered
Your Score History
You have not taken this quiz